Вып. 30; Электромашиностроение и электрооборудование

Dades bibliogràfiques
Parent link:Электромашиностроение и электрооборудование: республиканский межведомственный научно-технический сборник. Вып. 30.— , 1965-1992
Altres autors: Петров Л. П. (редактор)
Idioma:rus
Publicat: 1980
Matèries:
Format: MixedMaterials Llibre
KOHA link:https://koha.lib.tpu.ru/cgi-bin/koha/opac-detail.pl?biblionumber=335661

MARC

LEADER 00000nam2a2200000 4500
001 335661
005 20231102004757.0
035 |a (RuTPU)RU\TPU\book\362072 
035 |a RU\TPU\book\362070 
090 |a 335661 
100 |a 20170929d1980 k y0rusy50 ca 
101 0 |a rus 
102 |a UA 
105 |a a z 001zy 
200 0 |a Вып. 30  |f под ред. Л. П. Петрова 
210 |d 1980 
215 |a 122 с.  |c ил. 
320 |a Библиогр. в конце ст. 
461 1 |0 (RuTPU)RU\TPU\book\31949  |t Электромашиностроение и электрооборудование  |o республиканский межведомственный научно-технический сборник  |v Вып. 30  |d 1965-1992 
606 1 |a Электрооборудование  |2 stltpush  |3 (RuTPU)RU\TPU\subj\20584  |9 45678 
610 1 |a электромашиностроение 
610 1 |a автоматизированный электропривод 
610 1 |a электрические машины 
610 1 |a динамические системы 
610 1 |a моделирование 
610 1 |a ЭВМ 
610 1 |a системы стабилизации 
610 1 |a тиристорные электроприводы 
610 1 |a вентильные электроприводы 
610 1 |a частотные характеристики 
610 1 |a ленточные конвейеры 
610 1 |a мощность 
610 1 |a магнитные поля 
610 1 |a расчеты 
610 1 |a изоляционные обмотки 
675 |a 621.31  |v 3 
702 1 |a Петров  |b Л. П.  |4 340 
801 1 |a RU  |b 63413507  |c 20130615 
801 2 |a RU  |b 63413507  |c 20231009  |g RCR 
942 |c BK